Secretos en la familia
保存先:
| 主要な著者: | , |
|---|---|
| フォーマット: | 図書 |
| 言語: | スペイン語 |
| 出版事項: |
Santiago
Cuatro Vientos
1982
|
| 主題: | |
| タグ: |
タグ追加
タグなし, このレコードへの初めてのタグを付けませんか!
|
MARC
| LEADER | 00000nam a2200000 a 4500 | ||
|---|---|---|---|
| 001 | UCZ0630 | ||
| 003 | CL-VaPUC | ||
| 008 | 950804e19820000CL |||||||||||||||||spa|d | ||
| 082 | 0 | 4 | |a 616.891 |b PIN |2 21 |
| 100 | 0 | |a Pincus, Lily |e author |9 343668 | |
| 700 | 0 | |a Dare, Christopher |e author |9 343669 | |
| 245 | 1 | 0 | |a Secretos en la familia |
| 300 | |a 161 p | ||
| 942 | |c BK | ||
| 945 | |d 19950804 00:00:00 |a cmena | ||
| 260 | |a Santiago |b Cuatro Vientos |c 1982 | ||
| 650 | 0 | |a Familias |9 255641 | |
| 650 | 0 | |a Desarrollo individual |9 307875 | |
| 650 | 7 | |a MATRIMONIO |2 CL-VaPUC |9 343670 | |
| 650 | 0 | |a Niños |9 255605 | |
| 650 | 0 | |a Adolescencia |9 307361 | |
| 650 | 0 | |a Vida familiar |9 308049 | |
| 650 | 7 | |a INFLUENCIA FAMILIAR |2 CL-VaPUC |9 335148 | |
| 583 | |a last modification |c 19950804 00:00:00 |k Rodrigo Vera | ||
| 999 | |c 237544 |d 237542 | ||
| 952 | |0 0 |1 0 |4 0 |6 616_891000000000000_PIN_1982 |7 0 |8 R |9 246841 |a BIBEDU |b BIBEDU |c MCIRC |d 2019-11-18 |i 1551884 |o 616.891 PIN 1982 |p 1551884 |r 2023-01-13 |w 2019-11-18 |y BK_R |k EDU | ||